000 01301cab a2200301 4500
001 WB3102-36
008 090401t1995 xxu||||| |||| 00| 0 eng d
035 _a(Sirsi) u66073
041 _aeng
245 _aMaterial change
260 _c1995
350 _a0
490 _aEstates Gazette Case Summaries
_v(1995) EGCS 208(1) (7/1/95)
520 _a"Thames Heliport v Tower Hamlets LBC" QBD 21 December 1994. The plaintiffs, who had secured an option on a flat-decked vessel and proposed a floating helipad, sought a declaration as to whether such an operation constituted a development or change of use under the Town and Country Planning Act 1990 ss55, 57 and 336. Judgment for planning authority, one of ten along the stretch of river concerned, taking a broad construction of the Act`s remit.
650 _aCHASEMORE V RICHARDS 1859
650 _aMATERIAL CHANGE OF USE
650 _aPLANNING CONTROL
650 _aPLANNING PERMISSION
650 _aRIVERS
650 _aTHAMES HELIPORT V TOWER HAMLETS LBC
650 _aTOWN AND COUNTRY PLANNING ACT 1990 S336
650 _aTOWN AND COUNTRY PLANNING ACT 1990 S55
650 _aTOWN AND COUNTRY PLANNING ACT 1990 S57
650 _aWATER
690 _aPLANNING LAW AND PRACTICE-CASE LAW
942 _n0
948 _c04/03/1997
999 _c41293
_d41293